000 00668nam a22002177a 4500
005 20150728114232.0
008 140714b xxu||||| |||| 00| 0 Urdu d
010 _aUR-9245
020 q _c100.00
035 _aU-7800
037 _bDBAD/Pub.
040 _aDPL
_bUrdu
082 _a841
100 _aشر ف الد ين سا حل
245 _aگلد ستہء نگا ہ
_cشر ف الد ين سا حل
246 _aGuldasta-e-Nigah
_bDr. M.Sharfuddin Sahil
260 _aNagpur
_c2011
_bAleem Printers
270 _aHaideri Road, Momin Pura,
_bNagpur
_e440018
_k09021106538
300 _a176ص
_c22Cm (Hb)
942 _2ddc
_cUR
_e
_h841
_mم ح م
999 _c95275
_d95275